List of experiments in physical measurement : intended for use in physics C, and for preparing students for the admission examination in advanced physics in 1888 /
Saved in:
| Main Author: | |
|---|---|
| Format: | Book |
| Language: | English |
| Published: |
Cambridge [Mass.]
The University,
1887.
|
| Subjects: | |
| Tags: |
Add Tag
No Tags, Be the first to tag this record!
|
| LEADER | 00907nam a2200253I 4500 | ||
|---|---|---|---|
| 001 | 007152159-3 | ||
| 005 | 20051007115213.0 | ||
| 008 | 960917s1887 mau 000 0 eng | ||
| 010 | |a 06015125 | ||
| 035 | 0 | |a ocm77061960 | |
| 040 | |a DLC |c HLS | ||
| 050 | 0 | |a QC31 |b .W6 | |
| 100 | 1 | |a Whiting, Harold, |d -1895. | |
| 245 | 1 | 0 | |a List of experiments in physical measurement : |b intended for use in physics C, and for preparing students for the admission examination in advanced physics in 1888 / |c by Harold Whiting. |
| 260 | |a Cambridge [Mass.] |b The University, |c 1887. | ||
| 300 | |a 23 p. |c 20 cm. | ||
| 500 | |a At head of title: Harvard university. | ||
| 500 | |a "List of apparatus": p. [21]-23. | ||
| 610 | 2 | 0 | |a Harvard University |x Curricula. |
| 650 | 0 | |a Physics |x Outlines, syllabi, etc. | |
| 690 | 9 | |a Phys. |x (Experiments). |5 hua | |
| 693 | 2 | 9 | |a Harvard University |x Physics. |5 hua |
| 988 | |a 20020608 | ||
| 906 | |0 DLC | ||


